| 000 | 00459nam a2200193Ia 4500 | ||
|---|---|---|---|
| 005 | 20240413144010.0 | ||
| 008 | 131103s9999 xx 000 0 und d | ||
| 040 | _aLoreto College | ||
| 041 | _aEnglish | ||
| 082 |
_a376 _bPEK |
||
| 100 | _aPekin, L.B. | ||
| 245 |
_aCoeducation _cL.B. Pekin |
||
| 260 |
_aLondon _bThe hogarth press _c1939 |
||
| 300 | _a208p. | ||
| 504 | _aIncludes appendex | ||
| 650 | _aEducation | ||
| 850 | _aLCBED | ||
| 942 | _cBK | ||
| 999 |
_c34225 _d84704 |
||